Aplicacion de los algoritmos PID a un controlador logico programable

שמור ב:
מידע ביבליוגרפי
מחבר ראשי: Miranda Vásquez, José Francisco
פורמט: ספר
יצא לאור: [San José, Costa Rica] 2004
נושאים:
תגים: הוספת תג
אין תגיות, היה/י הראשונ/ה לתייג את הרשומה!

MARC

LEADER 00000nam a2200000Ia 4500
003 009414
005 20221231144135.0
008 140114s2004 cr a m 000 ||s d
040 |c cru CEDI 
090 |a TFG 4957 
100 |a Miranda Vásquez, José Francisco  |9 6281 
245 |a Aplicacion de los algoritmos PID a un controlador logico programable 
260 |c 2004  |a  [San José, Costa Rica] 
300 |a 121 hojas : ilustraciones  
500 |a Proyecto de graduación (bachillerato en ingeniería eléctrica)--Universidad de Costa Rica. Facultad de Ingeniería. Escuela de Ingeniería Eléctrica 
650 |x ALGORITMOS   |x CONTROLADORES PID  |x REGULADORES ELECTRICOS  |9 6282 
942 |c TFG 
999 |c 17463  |d 17463